000 00695nam a2200193Ia 4500
003 GCL
008 140319s9999 xx 000 0 ara d
040 _aGCL /
_cGCL
082 0 4 _a364.015
_bع.ش
100 1 _aعبدالحميد الشواربى
_vPurified
_@
…هذب
245 1 0 _aالشروع فى الجريمة فى ضوء القضاء والفقة /
_cعبدالحميد الشواربى
260 _a[S.N] :
_bمنشاة المعارف الاسلامية ،
_c1991
300 _a112 ص
490 _aالكتب القانونية
_v0
650 0 4 _aالقانون الجنائى
650 0 4 _aالقانون
650 0 4 _aالجريمة والمجرمون
942 _2ddc
_cBK
999 _c53846
_d53846